[Event "St Petersburg Korchnoi Memorial op"]
[Site "St Petersburg"]
[Date "2023.08.20"]
[Round "4"]
[White "Naumov, Artem"]
[Black "Kholin, Danila"]
[Result "1-0"]
[WhiteElo "1581"]
[BlackElo "1920"]
[PlyCount "49"]
[EventDate "2023.08.18"]
[EventType "swiss"]
[EventRounds "9"]
[EventCountry "RUS"]
[SourceTitle "EXT 2024"]
[Source "ChessBase"]
[SourceDate "2023.10.10"]
[SourceVersion "1"]
[SourceVersionDate "2023.10.10"]
[SourceQuality "1"]

1. e4 c5 2. Nf3 Nc6 3. Bb5 d6 4. 0-0 Nf6 5. Re1 e5 6. c3 Qb6 7. Qa4 Bd7 8. d4 cxd4 9. cxd4 Nxd4 10. Nxd4 Qxd4 11. Bxd7+ Nxd7 12. Qxd4 exd4 13. Rd1 d5 14. Rxd4 dxe4 15. Rxe4+ Kd8 16. Nc3 Bd6 17. Nb5 Be5 18. Be3 a6 19. Rd1 Kc8 20. Nd6+ Bxd6 21. Rxd6 Kc7 22. Bf4 Rae8 23. Rxa6+ Ne5 24. Rxe5 Rd8 25. Re7+ 1-0

[Event "St Petersburg Korchnoi Memorial op"]
[Site "St Petersburg"]
[Date "2023.08.19"]
[Round "2"]
[White "Mishiev, Mikhail"]
[Black "Kholin, Danila"]
[Result "0-1"]
[WhiteElo "1530"]
[BlackElo "1920"]
[PlyCount "82"]
[EventDate "2023.08.18"]
[EventType "swiss"]
[EventRounds "9"]
[EventCountry "RUS"]
[SourceTitle "EXT 2024"]
[Source "ChessBase"]
[SourceDate "2023.10.10"]
[SourceVersion "1"]
[SourceVersionDate "2023.10.10"]
[SourceQuality "1"]

1. d4 d5 2. c4 e6 3. Nf3 Nf6 4. g3 g6 5. Bg2 Bg7 6. 0-0 0-0 7. Qc2 c6 8. b3 Nbd7 9. Ba3 Re8 10. Nbd2 e5 11. dxe5 Nxe5 12. Nxe5 Rxe5 13. Nf3 Bf5 14. Qd2 Re8 15. Qe1 Bd3 16. Qc1 Bxe2 17. Re1 dxc4 18. bxc4 Qd3 19. Nd2 Ng4 20. Bb2 Bxb2 21. Qxb2 Nxf2 22. Qf6 Ng4 23. Qf4 Re5 24. h3 g5 25. Qxe5 Nxe5 26. Ne4 Qe3+ 27. Kh1 Nd3 28. Reb1 Bf3 29. Nf6+ Kg7 30. Ng4 Bxg2+ 31. Kxg2 Qe2+ 32. Kg1 h5 33. Nh2 Qf2+ 34. Kh1 Qxg3 35. Rf1 Nf2+ 36. Rxf2 Qxf2 37. Rf1 Qe2 38. c5 Rd8 39. Kg1 Rd2 40. Rxf7+ Kxf7 41. a4 Qg2# 0-1

[Event "Tula Region-ch"]
[Site "Tula"]
[Date "2014.03.18"]
[Round "8"]
[White "Kholin, Danila"]
[Black "Shkurkin, Andrey"]
[Result "0-1"]
[WhiteElo "1727"]
[BlackElo "1653"]
[PlyCount "54"]
[EventDate "2014.03.11"]
[EventType "swiss"]
[EventRounds "9"]
[EventCountry "RUS"]
[SourceTitle "CBM 159 Extra"]
[Source "ChessBase"]
[SourceDate "2014.04.24"]
[SourceVersion "1"]
[SourceVersionDate "2014.04.24"]
[SourceQuality "1"]

1. d4 c5 2. Nf3 cxd4 3. Nxd4 e5 4. Nf3 e4 5. Nd4 d5 6. Bf4 Nc6 7. e3 Bd6 8. Bxd6 Qxd6 9. Nxc6 bxc6 10. Qd2 Nf6 11. c3 0-0 12. Be2 Nd7 13. 0-0 Ne5 14. Na3 Bg4 15. Kh1 Bxe2 16. Qxe2 Rab8 17. Nb1 Nd3 18. b3 Qe5 19. Qc2 f5 20. f4 Qe7 21. Rg1 g5 22. g3 Kh8 23. a4 Qc5 24. Qd2 Rxb3 25. Ra2 Rfb8 26. Qc2 Qxe3 27. fxg5 Rb2 0-1

[Event "Tula Region-ch"]
[Site "Tula"]
[Date "2014.03.16"]
[Round "6"]
[White "Sitnikov, Sergey V"]
[Black "Kholin, Danila"]
[Result "1-0"]
[WhiteElo "2004"]
[BlackElo "1727"]
[PlyCount "135"]
[EventDate "2014.03.11"]
[EventType "swiss"]
[EventRounds "9"]
[EventCountry "RUS"]
[SourceTitle "CBM 159 Extra"]
[Source "ChessBase"]
[SourceDate "2014.04.24"]
[SourceVersion "1"]
[SourceVersionDate "2014.04.24"]
[SourceQuality "1"]

1. d4 Nf6 2. Nf3 g6 3. g3 Bg7 4. Bg2 d5 5. c4 e6 6. Nc3 0-0 7. 0-0 Nbd7 8. h3 dxc4 9. e4 Nb6 10. Qe2 Bd7 11. a4 a5 12. Ne5 Qe8 13. Nxc4 Nxc4 14. Qxc4 Qc8 15. e5 Ne8 16. b3 Kh8 17. Ba3 Rg8 18. Rac1 c6 19. Ne4 Bf8 20. Bb2 Be7 21. f4 Nc7 22. Nd6 Bxd6 23. exd6 Nd5 24. Qe2 Re8 25. g4 Kg8 26. Qf2 Qb8 27. f5 exf5 28. Bxd5 cxd5 29. Rc7 Be6 30. gxf5 Bxf5 31. Qg3 Be6 32. Rf6 Rc8 33. Ba3 Rxc7 34. dxc7 Qe8 35. Bd6 Qd7 36. Be5 Qe8 37. h4 h5 38. Qg5 Kh7 39. Rf3 Qf8 40. Rc3 Qb4 41. Qc1 Rc8 42. Rf3 f5 43. Rg3 Qe7 44. Rg5 Ra8 45. Kf2 Bc8 46. Qc5 Qxc5 47. dxc5 Bd7 48. Ke3 Re8 49. Kd4 Bc6 50. Rg1 Rf8 51. Bf6 Bd7 52. Bd8 f4 53. Rf1 f3 54. Rf2 Bg4 55. Kxd5 Bd7 56. Kd6 Bc8 57. Ke7 Kg7 58. Kd6 Rf7 59. c6 b6 60. Bg5 Kf8 61. Be3 Rf6+ 62. Kd5 Rf5+ 63. Ke4 Ke7 64. Rd2 Rf8 65. Bxb6 Bf5+ 66. Kxf3 Bd7+ 67. Ke3 Bxc6 68. Bc5+ 1-0